00434 2200169 4500001002100000005001500021035002000036245005100056100002100107250001700128300003200145260003300177082000800210084001400218020002200232650001000254INLIS00000000000045420240702051904 a0010-07240000091 aPangandaran Sang Primadona /cRahmat Margajaya0 aRahmat Margajaya acetakan ke-1 aiv, 60 hlm :bilus ;c21 cm aJakarta :bAzka Press,c2007 a813 a813 RAH p a978-979-121-183-3 4aFiksi